MARC details
| 000 -LEADER |
| fixed length control field |
03025cam a2200541 i 4500 |
| 001 - CONTROL NUMBER |
| control field |
on1402019844 |
| 003 - CONTROL NUMBER IDENTIFIER |
| control field |
OCoLC |
| 005 - DATE AND TIME OF LATEST TRANSACTION |
| control field |
20250905011253.0 |
| 008 - FIXED-LENGTH DATA ELEMENTS--GENERAL INFORMATION |
| fixed length control field |
231008t20232023sp b 000 1 spa d |
| 020 ## - INTERNATIONAL STANDARD BOOK NUMBER |
| International Standard Book Number |
8419252484 |
| Qualifying information |
(paperback) |
| 020 ## - INTERNATIONAL STANDARD BOOK NUMBER |
| International Standard Book Number |
9788419252487 |
| Qualifying information |
(paperback) |
| 037 ## - SOURCE OF ACQUISITION |
| Source of stock number/acquisition |
Spanish Pubs Llc, 8871 Sw 129 Ter, Miami, FL, USA, 33176, (305)2333365 |
| Note |
SAN 760-7903 |
| 040 ## - CATALOGING SOURCE |
| Original cataloging agency |
YDX |
| Language of cataloging |
eng |
| Description conventions |
rda |
| Transcribing agency |
YDX |
| Modifying agency |
OCLCO |
| -- |
JQF |
| -- |
OCLCO |
| -- |
JTH |
| -- |
B@L |
| -- |
OJ4 |
| -- |
SFR |
| -- |
UtOrBLW |
| 041 1# - LANGUAGE CODE |
| Language code of text/sound track or separate title |
spa |
| Language code of original |
eng |
| 092 ## - LOCALLY ASSIGNED DEWEY CALL NUMBER (OCLC) |
| Classification number |
SPANISH F |
| Item number |
ARMENTRO |
| 100 1# - MAIN ENTRY--PERSONAL NAME |
| Personal name |
Armentrout, Jennifer L., |
| Relator term |
author. |
| 240 10 - UNIFORM TITLE |
| Uniform title |
<a href="Soul of ash and blood.">Soul of ash and blood.</a> |
| Language of a work |
Spanish. |
| 245 13 - TITLE STATEMENT |
| Title |
Un alma de ceniza y sangre / |
| Statement of responsibility, etc. |
Jennifer L. Armentrout ; traducci©đn de Guiomar Manso de Z©ð©łiga. |
| 250 ## - EDITION STATEMENT |
| Edition statement |
1.a edici©đn. |
| 264 #1 - PRODUCTION, PUBLICATION, DISTRIBUTION, MANUFACTURE, AND COPYRIGHT NOTICE |
| Place of production, publication, distribution, manufacture |
Madrid : |
| Name of producer, publisher, distributor, manufacturer |
Puck : |
| -- |
Urano World Spain, |
| Date of production, publication, distribution, manufacture, or copyright notice |
2023. |
| 264 #4 - PRODUCTION, PUBLICATION, DISTRIBUTION, MANUFACTURE, AND COPYRIGHT NOTICE |
| Date of production, publication, distribution, manufacture, or copyright notice |
℗♭2023. |
| 300 ## - PHYSICAL DESCRIPTION |
| Extent |
761 pages : |
| Other physical details |
map ; |
| Dimensions |
22 cm. |
| 336 ## - CONTENT TYPE |
| Content type term |
text |
| Content type code |
txt |
| Source |
rdacontent. |
| 337 ## - MEDIA TYPE |
| Media type term |
unmediated |
| Media type code |
n |
| Source |
rdamedia. |
| 338 ## - CARRIER TYPE |
| Carrier type term |
volume |
| Carrier type code |
nc |
| Source |
rdacarrier. |
| 490 1# - SERIES STATEMENT |
| Series statement |
De sangre y cenizas ; |
| Volume/sequential designation |
5. |
| 500 ## - GENERAL NOTE |
| General note |
T©Ưtulo original: Soul of ash and blood. |
| 500 ## - GENERAL NOTE |
| General note |
"Romantasy"--Contraportada. |
| 520 ## - SUMMARY, ETC. |
| Summary, etc. |
"Un gran poder primigenio ha surgido. La Reina se Carne y Fuego se ha convertido en la Primigenia de Sangre y Hueso, la verdadera Primigenia de la Vida y la Muerte. Y la batalla que Casteel, Poppy y sus aliados han estado librando solo acaba de empezar. Los dioses se est©Łn despertando por todo Iliseeum y en el mundo mortal, prepar©Łndose para la guerra que se avecina. Pero cuando Poppy cae en un profundo sue©ło... Cas debe enfrentarse a una posibilidad muy real: las extremas e inesperadas consecuencias de aquello en lo que Poppy se est©Ł convirtiendo podr©Ưan arrebat©Łrsela. Sin embargo, Cas recibe un consejo al que planea aferrarse mientras espera a que los preciosos ojos de su amada vuelvan a abrirse: Habla con ella. As©Ư que eso hace. Le recuerda a Poppy c©đmo empez©đ su viaje juntos y, en el proceso, revela cosas sobre s©Ư mismo que solo Kieran conoce. No obstante, es imposible saber qu©♭ encontrar©Ł Poppy al desperatar y en qu©♭ medida habr©Łn cambiado el mundo y Cas cuando lo haga"--Contraportada. |
| 546 ## - LANGUAGE NOTE |
| Language note |
Text in Spanish. En espa©łol. |
| 650 #0 - SUBJECT ADDED ENTRY--TOPICAL TERM |
| Topical term or geographic name as entry element |
Good and evil |
| Form subdivision |
Fiction. |
| 650 #0 - SUBJECT ADDED ENTRY--TOPICAL TERM |
| Topical term or geographic name as entry element |
Magic |
| Form subdivision |
Fiction. |
| 650 #0 - SUBJECT ADDED ENTRY--TOPICAL TERM |
| Topical term or geographic name as entry element |
Man-woman relationships |
| Form subdivision |
Fiction. |
| 650 #0 - SUBJECT ADDED ENTRY--TOPICAL TERM |
| Topical term or geographic name as entry element |
Fate and fatalism |
| Form subdivision |
Fiction. |
| 650 #7 - SUBJECT ADDED ENTRY--TOPICAL TERM |
| Topical term or geographic name as entry element |
Bien y mal |
| Form subdivision |
Novela. |
| Source of heading or term |
qlsp. |
| 650 #7 - SUBJECT ADDED ENTRY--TOPICAL TERM |
| Topical term or geographic name as entry element |
Magia |
| Form subdivision |
Novela. |
| Source of heading or term |
qlsp. |
| 650 #7 - SUBJECT ADDED ENTRY--TOPICAL TERM |
| Topical term or geographic name as entry element |
Relaciones hombre-mujer |
| Form subdivision |
Novela. |
| Source of heading or term |
qlsp. |
| 650 #7 - SUBJECT ADDED ENTRY--TOPICAL TERM |
| Topical term or geographic name as entry element |
Destino y fatalismo |
| Form subdivision |
Novela. |
| Source of heading or term |
qlsp. |
| 655 #7 - INDEX TERM--GENRE/FORM |
| Genre/form data or focus term |
Fantasy fiction. |
| Source of term |
lcgft. |
| 655 #7 - INDEX TERM--GENRE/FORM |
| Genre/form data or focus term |
Romance fiction. |
| Source of term |
lcgft. |
| 655 #7 - INDEX TERM--GENRE/FORM |
| Genre/form data or focus term |
Paranormal fiction. |
| Source of term |
lcgft. |
| 655 #7 - INDEX TERM--GENRE/FORM |
| Genre/form data or focus term |
Novela fant©Łstica. |
| Source of term |
bidex. |
| 655 #7 - INDEX TERM--GENRE/FORM |
| Genre/form data or focus term |
Novela rom©Łntica. |
| Source of term |
bidex. |
| 655 #4 - INDEX TERM--GENRE/FORM |
| Genre/form data or focus term |
Novela paranormal. |
| 700 1# - ADDED ENTRY--PERSONAL NAME |
| Personal name |
Manso de Z©ð©łiga, Guiomar, |
| Relator term |
translator. |
| 800 1# - SERIES ADDED ENTRY--PERSONAL NAME |
| Personal name |
Armentrout, Jennifer L. |
| Title of a work |
Blood and ash. |
| Language of a work |
Spanish ; |
| Volume/sequential designation |
5. |
| 942 ## - ADDED ENTRY ELEMENTS (KOHA) |
| Koha item type |
Kit |